| 000 | 00442 a2200193 4500 | ||
|---|---|---|---|
| 260 | _bTechnique et Documentation (Lavoisier). | ||
| 245 | _aDictionnaire de la chimie et de ses applications. | ||
| 300 | _aXV-1087p. | ||
| 260 | _aParis. | ||
| 260 | _c1978 | ||
| 130 | _lFr. | ||
| 250 | _a3ème éd. | ||
| 100 | _aDUVAL, C. | ||
| 700 | 1 | _aDUVAL, R. | |
| 690 | _aCHIMIE. | ||
| 020 | _a2-85206-026-4. | ||
| 999 |
_c25088 _d25088 |
||